[Event "Niederbayernliga 1516"]
[Site "Bayern"]
[Date "2015.10.11"]
[Round "1.2"]
[White "Wiedmann, Klaus"]
[Black "Mueller, Michael3333"]
[Result "1/2-1/2"]
[WhiteElo "2011"]
[BlackElo "2083"]
[PlyCount "37"]
[EventDate "2015.10.11"]
[EventType "team-tourn"]
[EventRounds "9"]
[EventCountry "GER"]
[SourceTitle "EXT 2023"]
[Source "ChessBase"]
[SourceDate "2022.10.05"]
[SourceVersion "1"]
[SourceVersionDate "2022.10.05"]
[SourceQuality "1"]
[WhiteTeam "Rottal II"]
[BlackTeam "Bayerwald Regen"]
[WhiteTeamCountry "GER"]
[BlackTeamCountry "GER"]

1. e4 d6 2. d4 e5 3. Nf3 exd4 4. Nxd4 Nf6 5. Nc3 Be7 6. Be2 0-0 7. 0-0 Re8 8. f4 Bf8 9. Bf3 c5 10. Nb3 Nc6 11. Be3 Be6 12. Bf2 Bc4 13. Re1 Qc7 14. Qd2 Rad8 15. Nd5 Nxd5 16. exd5 Nb8 17. Bh4 Be7 18. Qe3 Kf8 19. Bxe7+ 1/2-1/2

[Event "Niederbayernliga 1415"]
[Site "Bayern"]
[Date "2015.04.12"]
[Round "9.1"]
[White "Wiedmann, Klaus"]
[Black "Huwa, Walter"]
[Result "1/2-1/2"]
[WhiteElo "1970"]
[BlackElo "2046"]
[PlyCount "28"]
[EventDate "2014.10.19"]
[EventType "team-tourn"]
[EventRounds "9"]
[EventCountry "GER"]
[SourceTitle "EXT 2023"]
[Source "ChessBase"]
[SourceDate "2022.10.05"]
[SourceVersion "1"]
[SourceVersionDate "2022.10.05"]
[SourceQuality "1"]
[WhiteTeam "Rottal II"]
[BlackTeam "Straubing SC"]
[WhiteTeamCountry "GER"]
[BlackTeamCountry "GER"]

1. e4 c5 2. Nf3 d6 3. d4 cxd4 4. Nxd4 a6 5. g3 Nf6 6. Bg2 e5 7. Nb3 Be7 8. Nc3 b5 9. Nd5 Nxd5 10. Qxd5 Ra7 11. Be3 Be6 12. Qd2 Rd7 13. 0-0 d5 14. exd5 Bxd5 1/2-1/2

[Event "Niederbayernliga 1415"]
[Site "Bayern"]
[Date "2014.12.06"]
[Round "4.2"]
[White "Wiedmann, Klaus"]
[Black "Grum, Theodor"]
[Result "1/2-1/2"]
[WhiteElo "1970"]
[BlackElo "1831"]
[PlyCount "98"]
[EventDate "2014.10.19"]
[EventType "team-tourn"]
[EventRounds "9"]
[EventCountry "GER"]
[SourceTitle "EXT 2023"]
[Source "ChessBase"]
[SourceDate "2022.10.05"]
[SourceVersion "1"]
[SourceVersionDate "2022.10.05"]
[SourceQuality "1"]
[WhiteTeam "Rottal II"]
[BlackTeam "Grafenau"]
[WhiteTeamCountry "GER"]
[BlackTeamCountry "GER"]

1. e4 c5 2. Nf3 g6 3. d4 cxd4 4. Nxd4 Nc6 5. Be3 Nf6 6. Nc3 Bg7 7. Bc4 0-0 8. Bb3 a5 9. f3 d5 10. Bxd5 Nxd5 11. Nxd5 e6 12. Nxc6 bxc6 13. Nb6 Rb8 14. Qxd8 Rxd8 15. c3 Ba6 16. Kf2 Rd3 17. Na4 Bf8 18. Rhd1 c5 19. b3 Rxd1 20. Rxd1 c4 21. Nb6 cxb3 22. axb3 Be7 23. c4 Rb7 24. c5 Rc7 25. Rd7 Rxd7 26. Nxd7 Bb5 27. Nb6 Kf8 28. Na4 Ke8 29. Ke1 Kd7 30. Bd2 Kc6 31. Bxa5 Bxc5 32. Nxc5 Kxc5 33. Bc3 Bd3 34. Kd2 Bf1 35. g3 f5 36. exf5 exf5 37. Ke3 Kd5 38. Kf4 Ke6 39. Kg5 Kf7 40. g4 fxg4 41. fxg4 Be2 42. Kf4 Ke6 43. h4 Kd5 44. Kg5 Ke6 45. b4 Kf7 46. Bd4 Ke6 47. Kh6 Bxg4 48. Kxh7 Bf5 49. Kg7 Bd3 1/2-1/2

[Event "Niederbayernliga 1213"]
[Site "Bayern"]
[Date "2013.??.??"]
[Round "6"]
[White "Wiedmann, Klaus"]
[Black "Wimmer, Martin1111"]
[Result "1-0"]
[WhiteElo "1970"]
[BlackElo "1953"]
[PlyCount "71"]
[EventDate "2012.10.14"]
[EventType "team-tourn"]
[EventRounds "9"]
[EventCountry "GER"]
[SourceTitle "EXT 2023"]
[Source "ChessBase"]
[SourceDate "2022.10.05"]
[SourceVersion "1"]
[SourceVersionDate "2022.10.05"]
[SourceQuality "1"]
[WhiteTeam "Rottal II"]
[BlackTeam "Schaibing"]
[WhiteTeamCountry "GER"]
[BlackTeamCountry "GER"]

1. e4 d6 2. d4 Nf6 3. Nc3 e5 4. Nf3 Nbd7 5. Be2 Be7 6. Bg5 0-0 7. 0-0 c6 8. a4 a5 9. Bc4 b6 10. Bxf6 Bxf6 11. d5 c5 12. Nb5 Nb8 13. c3 Na6 14. Ne1 Bg5 15. Nc2 f5 16. f3 Nc7 17. Nxc7 Qxc7 18. Qe2 Qf7 19. Na3 Qh5 20. exf5 Bf4 21. g4 Qg5 22. Kh1 Rf6 23. Rf2 Rh6 24. Nb5 Qf6 25. Nc7 Ra7 26. Ne6 g5 27. Rg2 Rh3 28. Re1 Kh8 29. Qe4 h5 30. Nxf4 gxf4 31. Bd3 Rg7 32. g5 Rxg5 33. Rxg5 Qxg5 34. f6 Qh6 35. Rg1 Bd7 36. Rg7 1-0

[Event "Regionalliga SO 1112"]
[Site "Bayern"]
[Date "2012.01.15"]
[Round "5.5"]
[White "Wiedmann, Klaus"]
[Black "Moser, Wolfgang"]
[Result "1/2-1/2"]
[WhiteElo "1947"]
[BlackElo "2060"]
[PlyCount "52"]
[EventDate "2011.10.02"]
[EventType "team-tourn"]
[EventRounds "9"]
[EventCountry "GER"]
[SourceTitle "EXT 2013"]
[Source "ChessBase"]
[SourceDate "2012.11.22"]
[SourceVersion "1"]
[SourceVersionDate "2012.11.22"]
[SourceQuality "1"]
[WhiteTeam "Rottal II"]
[BlackTeam "Trostberg"]
[WhiteTeamCountry "GER"]
[BlackTeamCountry "GER"]

1. e4 e6 2. d4 d5 3. Nc3 Nf6 4. Bg5 dxe4 5. Nxe4 Be7 6. Bxf6 gxf6 7. Nf3 Nd7 8. Qd2 f5 9. Nc3 Nf6 10. a3 c6 11. Ne5 Qc7 12. g3 Bd7 13. Bg2 h5 14. h4 Ng4 15. Nxg4 fxg4 16. 0-0-0 0-0-0 17. Qe2 f6 18. d5 e5 19. f4 Be8 20. dxc6 Bxc6 21. Bxc6 bxc6 22. fxe5 fxe5 23. Rde1 Bf6 24. Ne4 Bg7 25. Rhf1 Rhf8 26. Kb1 Qb6 1/2-1/2

[Event "Niederbayernliga 1213"]
[Site "Bayern"]
[Date "2012.??.??"]
[Round "4"]
[White "Sierian, Peter"]
[Black "Wiedmann, Klaus"]
[Result "1/2-1/2"]
[WhiteElo "1684"]
[BlackElo "1970"]
[PlyCount "71"]
[EventDate "2012.10.14"]
[EventType "team-tourn"]
[EventRounds "9"]
[EventCountry "GER"]
[SourceTitle "EXT 2023"]
[Source "ChessBase"]
[SourceDate "2022.10.05"]
[SourceVersion "1"]
[SourceVersionDate "2022.10.05"]
[SourceQuality "1"]
[WhiteTeam "Aidenbach"]
[BlackTeam "Rottal II"]
[WhiteTeamCountry "GER"]
[BlackTeamCountry "GER"]

1. d4 Nf6 2. Nf3 e6 3. g3 d5 4. Bg2 Bd6 5. 0-0 Nbd7 6. b3 0-0 7. Nbd2 e5 8. dxe5 Nxe5 9. Bb2 Nxf3+ 10. Nxf3 c6 11. e3 Bg4 12. Bxf6 Qxf6 13. Qd4 Qf5 14. Nh4 Qh5 15. f4 Be7 16. Nf3 Bf6 17. Ne5 Rfe8 18. Rae1 Bxe5 19. fxe5 Be2 20. Rf2 Ba6 21. Bf1 Qxe5 22. Qxe5 Rxe5 23. Bxa6 bxa6 24. Ref1 f6 25. Rf3 Rae8 26. Kf2 d4 27. exd4 Re2+ 28. Kg1 Rxc2 29. R3f2 Ree2 30. Rxe2 Rxe2 31. Rc1 Rxa2 32. Rxc6 Rb2 33. Rc8+ Kf7 34. Rc7+ Kg6 35. Rxa7 Rxb3 36. Rxa6 1/2-1/2

[Event "Regionalliga SO 1112"]
[Site "Bayern"]
[Date "2011.11.20"]
[Round "3.3"]
[White "Wiedmann, Klaus"]
[Black "Hofmann, Juergen2222"]
[Result "1/2-1/2"]
[WhiteElo "1947"]
[BlackElo "2164"]
[PlyCount "49"]
[EventDate "2011.10.02"]
[EventType "team-tourn"]
[EventRounds "9"]
[EventCountry "GER"]
[SourceTitle "EXT 2013"]
[Source "ChessBase"]
[SourceDate "2012.11.22"]
[SourceVersion "1"]
[SourceVersionDate "2012.11.22"]
[SourceQuality "1"]
[WhiteTeam "Rottal II"]
[BlackTeam "Graefelfing"]
[WhiteTeamCountry "GER"]
[BlackTeamCountry "GER"]

1. e4 c5 2. Nf3 Nc6 3. d4 cxd4 4. Nxd4 g6 5. Nc3 Bg7 6. Be3 Nf6 7. Bc4 0-0 8. f3 d6 9. Qd2 Bd7 10. 0-0-0 Qa5 11. Nde2 Ne5 12. Bb3 Be6 13. Nd5 Qxd2+ 14. Rxd2 Bxd5 15. exd5 Rfc8 16. Kb1 Nc4 17. Bxc4 Rxc4 18. b3 Rcc8 19. c4 Nd7 20. Bd4 Bh6 21. Rc2 a6 22. Nc3 Rab8 23. Ba7 Ra8 24. Bd4 Rab8 25. Ba7 1/2-1/2

[Event "Niederbayernliga 1011"]
[Site "Germany"]
[Date "2011.02.06"]
[Round "6.3"]
[White "Danzer, Fabian"]
[Black "Wiedmann, Klaus"]
[Result "1/2-1/2"]
[WhiteElo "1578"]
[BlackElo "1915"]
[PlyCount "64"]
[EventDate "2010.10.10"]
[EventType "team-tourn"]
[EventRounds "9"]
[EventCountry "GER"]
[SourceTitle "EXT 2012"]
[Source "ChessBase"]
[SourceDate "2011.11.24"]
[SourceVersion "1"]
[SourceVersionDate "2011.11.24"]
[SourceQuality "1"]
[WhiteTeam "Simbach"]
[BlackTeam "Rottal II"]
[WhiteTeamCountry "GER"]
[BlackTeamCountry "GER"]

1. d4 d5 2. c4 e6 3. Nc3 Nf6 4. Bg5 c6 5. e3 Nbd7 6. Nf3 Qa5 7. Bd3 Bb4 8. Qc2 Ne4 9. Bxe4 dxe4 10. Qxe4 Bxc3+ 11. bxc3 Qxc3+ 12. Ke2 Qxc4+ 13. Qd3 Qxd3+ 14. Kxd3 f6 15. Bf4 b6 16. Rhc1 Ba6+ 17. Kd2 Bb7 18. Bd6 Kf7 19. e4 Rhc8 20. Ke3 c5 21. dxc5 Nxc5 22. Bxc5 Rxc5 23. Rxc5 bxc5 24. Rc1 Rc8 25. Nd2 Ke7 26. Rc2 Ba6 27. f4 Kd6 28. e5+ fxe5 29. Ne4+ Ke7 30. fxe5 c4 31. Nd6 Rc5 32. Ke4 Bb5 1/2-1/2

[Event "Niederbayernliga 1011"]
[Site "Germany"]
[Date "2010.10.24"]
[Round "2.4"]
[White "Benicke, Bernd"]
[Black "Wiedmann, Klaus"]
[Result "1/2-1/2"]
[WhiteElo "1753"]
[BlackElo "1915"]
[PlyCount "46"]
[EventDate "2010.10.10"]
[EventType "team-tourn"]
[EventRounds "9"]
[EventCountry "GER"]
[SourceTitle "EXT 2012"]
[Source "ChessBase"]
[SourceDate "2011.11.24"]
[SourceVersion "1"]
[SourceVersionDate "2011.11.24"]
[SourceQuality "1"]
[WhiteTeam "Bayerwald"]
[BlackTeam "Rottal II"]
[WhiteTeamCountry "GER"]
[BlackTeamCountry "GER"]

1. e4 c5 2. c3 d5 3. exd5 Qxd5 4. d4 cxd4 5. cxd4 Nc6 6. Nf3 e6 7. Nc3 Bb4 8. Be2 Nf6 9. 0-0 Qd8 10. Bg5 0-0 11. d5 exd5 12. Bxf6 Qxf6 13. Nxd5 Qd6 14. Nxb4 Qxb4 15. b3 Bf5 16. Re1 Rad8 17. Qc1 h6 18. Qc4 Rd6 19. Red1 Rfd8 20. Rxd6 Qxd6 21. h3 Bd3 22. Bxd3 Qxd3 23. Qxd3 Rxd3 1/2-1/2

[Event "Niederbayernliga 0809"]
[Site "Germany"]
[Date "2009.01.18"]
[Round "5.3"]
[White "Putz, Ernst"]
[Black "Wiedmann, Klaus"]
[Result "1/2-1/2"]
[WhiteElo "1843"]
[BlackElo "1942"]
[PlyCount "23"]
[EventDate "2008.10.05"]
[EventType "team-tourn"]
[EventRounds "9"]
[EventCountry "GER"]
[SourceTitle "EXT 2010"]
[Source "ChessBase"]
[SourceDate "2010.11.25"]
[SourceVersion "1"]
[SourceVersionDate "2010.11.25"]
[SourceQuality "1"]
[WhiteTeam "Simbach"]
[BlackTeam "Rottal II"]
[WhiteTeamCountry "GER"]
[BlackTeamCountry "GER"]

1. e4 e5 2. Nf3 Nc6 3. Bb5 a6 4. Ba4 Nf6 5. 0-0 b5 6. Bb3 Be7 7. Re1 0-0 8. c3 d5 9. exd5 Nxd5 10. Nxe5 Nxe5 11. Rxe5 c6 12. d3 1/2-1/2

[Event "Niederbayernliga 0708"]
[Site "Germany"]
[Date "2007.03.09"]
[Round "7.3"]
[White "Kreilinger, Erich"]
[Black "Wiedmann, Klaus"]
[Result "1/2-1/2"]
[WhiteElo "1906"]
[BlackElo "1916"]
[PlyCount "34"]
[EventDate "2007.10.21"]
[EventType "team"]
[EventRounds "9"]
[EventCountry "GER"]
[SourceTitle "EXT 2009"]
[Source "ChessBase"]
[SourceDate "2008.11.26"]
[SourceVersion "1"]
[SourceVersionDate "2008.11.26"]
[SourceQuality "1"]
[WhiteTeam "Geiselhoering"]
[BlackTeam "Rottal II"]
[WhiteTeamCountry "GER"]
[BlackTeamCountry "GER"]

1. d4 d5 2. c4 e6 3. Nf3 Nf6 4. Nc3 c6 5. e3 Nbd7 6. Bd3 dxc4 7. Bxc4 b5 8. Bd3 a6 9. 0-0 c5 10. b3 Bb7 11. Bb2 Be7 12. Nd2 cxd4 13. exd4 0-0 14. Nce4 Rc8 15. Qe2 Nxe4 16. Nxe4 Nf6 17. Ng3 Nd5 1/2-1/2

[Event "Niederbayernliga 0506"]
[Site "Germany"]
[Date "2006.??.??"]
[Round "5"]
[White "Huwa, Walter"]
[Black "Wiedmann, Klaus"]
[Result "1-0"]
[WhiteElo "2155"]
[BlackElo "1960"]
[PlyCount "81"]
[EventDate "2005.??.??"]
[EventType "team"]
[EventRounds "9"]
[EventCountry "GER"]
[SourceTitle "EXT 2008"]
[Source "ChessBase"]
[SourceDate "2007.11.25"]
[SourceVersion "1"]
[SourceVersionDate "2007.11.25"]
[SourceQuality "1"]
[WhiteTeam "Straubing"]
[BlackTeam "Eggenfelden"]
[WhiteTeamCountry "GER"]
[BlackTeamCountry "GER"]

1. e4 e5 2. Nc3 Nf6 3. g3 Bc5 4. Bg2 c6 5. Nf3 d6 6. h3 b5 7. d4 exd4 8. Nxd4 Qb6 9. Be3 0-0 10. a3 a5 11. 0-0 Bb7 12. Nf5 Bxe3 13. Nxe3 Rd8 14. g4 Na6 15. g5 Ne8 16. Qg4 Nc5 17. Nf5 Nd7 18. Rad1 Ne5 19. Qf4 Qc7 20. Rd4 Bc8 21. Rfd1 Bxf5 22. Qxf5 Rab8 23. b3 b4 24. axb4 axb4 25. Ne2 Ng6 26. Ng3 Rb5 27. Qg4 Qe7 28. f4 Qa7 29. Kh2 Ne7 30. h4 d5 31. f5 c5 32. R4d2 d4 33. Re1 Qc7 34. e5 Rb6 35. e6 fxe6 36. fxe6 Rbd6 37. Qf3 Nd5 38. Rf1 Qe7 39. Qf7+ Qxf7 40. exf7+ Kf8 41. fxe8Q+ 1-0

[Event "Niederbayernliga 0506"]
[Site "Germany"]
[Date "2006.??.??"]
[Round "7"]
[White "Schmidbauer, Franz"]
[Black "Wiedmann, Klaus"]
[Result "1-0"]
[WhiteElo "1883"]
[BlackElo "1960"]
[PlyCount "95"]
[EventDate "2005.??.??"]
[EventType "team"]
[EventRounds "9"]
[EventCountry "GER"]
[SourceTitle "EXT 2008"]
[Source "ChessBase"]
[SourceDate "2007.11.25"]
[SourceVersion "1"]
[SourceVersionDate "2007.11.25"]
[SourceQuality "1"]
[WhiteTeam "Deggendorf II"]
[BlackTeam "Eggenfelden"]
[WhiteTeamCountry "GER"]
[BlackTeamCountry "GER"]

1. e4 e5 2. Nf3 Nc6 3. Bb5 a6 4. Ba4 Nf6 5. 0-0 b5 6. Bb3 Be7 7. Re1 0-0 8. c3 d5 9. exd5 Nxd5 10. d4 exd4 11. Nxd4 Nxd4 12. Qxd4 Bb7 13. Nd2 c5 14. Qg4 Qc7 15. Nf1 Rfe8 16. Bg5 Bxg5 17. Qxg5 Qf4 18. Qg3 c4 19. Bc2 g6 20. Rad1 Rad8 21. Rd4 Qxg3 22. Rxe8+ Rxe8 23. hxg3 Nf6 24. Ne3 h5 25. Kf1 Kf8 26. g4 Nxg4 27. Nxg4 hxg4 28. Rxg4 Rd8 29. Ke2 Ke7 30. f3 Rd6 31. Rd4 Re6+ 32. Kf2 f5 33. Rd2 Rd6 34. Rxd6 Kxd6 35. Ke3 Ke5 36. f4+ Kd6 37. g3 a5 38. Kd4 Bf3 39. a4 Bc6 40. axb5 Bxb5 41. Bd1 Be8 42. Be2 Bf7 43. Bxc4 Be8 44. Bg8 a4 45. Kc4 Ke7 46. Kb4 Kf6 47. Bc4 g5 48. Bb5 1-0

[Event "Niederbayernliga 0506"]
[Site "Germany"]
[Date "2006.??.??"]
[Round "6"]
[White "Wiedmann, Klaus"]
[Black "Fruehauf, Norbert"]
[Result "1-0"]
[WhiteElo "1960"]
[BlackElo "1915"]
[PlyCount "71"]
[EventDate "2005.??.??"]
[EventType "team"]
[EventRounds "9"]
[EventCountry "GER"]
[SourceTitle "EXT 2008"]
[Source "ChessBase"]
[SourceDate "2007.11.25"]
[SourceVersion "1"]
[SourceVersionDate "2007.11.25"]
[SourceQuality "1"]
[WhiteTeam "Eggenfelden"]
[BlackTeam "Simbach"]
[WhiteTeamCountry "GER"]
[BlackTeamCountry "GER"]

1. e4 d5 2. exd5 Qxd5 3. Nc3 Qa5 4. d4 Nf6 5. Nf3 Bf5 6. Bd2 c6 7. Bc4 e6 8. Qe2 Bb4 9. 0-0-0 Nbd7 10. Nh4 Bg6 11. Nxg6 hxg6 12. a3 Bxc3 13. Bxc3 Qc7 14. d5 cxd5 15. Bxd5 0-0-0 16. Bf3 Rh4 17. g3 Rc4 18. Bb4 Nb6 19. Rxd8+ Qxd8 20. Rd1 Qe8 21. b3 Rc7 22. Bd6 Rd7 23. Qe5 Nfd5 24. Bxd5 Rxd6 25. Bxb7+ Kxb7 26. Qxd6 Qb5 27. a4 Qe2 28. Qb4 Kc7 29. Qc5+ Kb7 30. Qb4 Kc7 31. Qc5+ Kb7 32. a5 Nd5 33. c4 Nc7 34. a6+ Nxa6 35. Qb5+ Kc7 36. Rd7+ 1-0

[Event "Niederbayernliga 0506"]
[Site "Germany"]
[Date "2006.??.??"]
[Round "8"]
[White "Wiedmann, Klaus"]
[Black "Wisnet, Dominic"]
[Result "0-1"]
[WhiteElo "1960"]
[BlackElo "1933"]
[PlyCount "76"]
[EventDate "2005.??.??"]
[EventType "team"]
[EventRounds "9"]
[EventCountry "GER"]
[SourceTitle "EXT 2008"]
[Source "ChessBase"]
[SourceDate "2007.11.25"]
[SourceVersion "1"]
[SourceVersionDate "2007.11.25"]
[SourceQuality "1"]
[WhiteTeam "Eggenfelden"]
[BlackTeam "Vilshofen"]
[WhiteTeamCountry "GER"]
[BlackTeamCountry "GER"]

1. e4 c5 2. Nf3 d6 3. d4 cxd4 4. Nxd4 Nf6 5. Nc3 a6 6. Be2 b5 7. Bf3 e5 8. Nf5 d5 9. Bg5 d4 10. Bxf6 Qxf6 11. Nd5 Qd8 12. c3 g6 13. Ng3 Nc6 14. Ne2 Bg7 15. 0-0 0-0 16. cxd4 exd4 17. Nef4 Bb7 18. Nd3 Qd6 19. Qd2 Ne5 20. Nxe5 Bxe5 21. h3 f5 22. Qb4 Qxb4 23. Nxb4 fxe4 24. Bg4 Kf7 25. h4 h5 26. Bh3 d3 27. Rac1 a5 28. Nc6 Bxb2 29. Rc5 Bxc6 30. Rxc6 Rfe8 31. Rd1 b4 32. Kf1 Ra7 33. g4 Re5 34. f4 Ree7 35. f5 gxf5 36. gxf5 Bc3 37. Rh6 e3 38. Rh7+ Kg8 0-1

[Event "Niederbayernliga 0405"]
[Site "Germany"]
[Date "2005.??.??"]
[Round "5"]
[White "Wiedmann, Klaus"]
[Black "Huwa, Walter"]
[Result "1/2-1/2"]
[WhiteElo "1952"]
[BlackElo "2154"]
[PlyCount "46"]
[EventDate "2004.??.??"]
[EventType "team"]
[EventRounds "9"]
[EventCountry "GER"]
[SourceTitle "EXT 2008"]
[Source "ChessBase"]
[SourceDate "2007.11.25"]
[SourceVersion "1"]
[SourceVersionDate "2007.11.25"]
[SourceQuality "1"]
[WhiteTeam "Eggenfelden"]
[BlackTeam "Straubing"]
[WhiteTeamCountry "GER"]
[BlackTeamCountry "GER"]

1. e4 c5 2. Nf3 a6 3. d4 cxd4 4. Nxd4 Nf6 5. Nc3 e5 6. Nb3 Bb4 7. Bg5 Bxc3+ 8. bxc3 h6 9. Bxf6 Qxf6 10. c4 0-0 11. Bd3 d6 12. 0-0 Be6 13. Rb1 Nc6 14. Nd2 Qe7 15. Rb6 Rac8 16. Qb1 Rc7 17. Qb2 Nd4 18. c3 Nc6 19. Rb1 Nd8 20. Qb4 Nc6 21. Qb2 Nd8 22. Qb4 Nc6 23. Qb2 Nd8 1/2-1/2